| 000 | 00453nam a2200169Ia 4500 | ||
|---|---|---|---|
| 999 |
_c6369 _d6369 |
||
| 003 | OSt | ||
| 005 | 20200219103115.0 | ||
| 008 | 151021s9999 xx 000 0 und d | ||
| 040 |
_aMMU _beng _cMMU _dMMU |
||
| 050 | _aSB 323 .M4 2001 | ||
| 100 | _aMutitu, E. N. | ||
| 245 |
_a_Growing beans and maize/ _cE. N. Mutitu and P. K. Kabuthia. |
||
| 300 | _a23p. : | ||
| 650 | _a_Growing beans and maize | ||
| 700 | _aP. K. Kabuthia | ||
| 942 |
_2lcc _cLOAN LOAN |
||